Budoucnost Mílovic - mýty a souvislosti.
V nadväznosti na súhrnné charakteristiky uvoľnených výcvikových priestorov sa uvádzajú najdôležitejšie faktá pre rozhodovanie o budúcom využití územia. Potenciály a limity rozvoja tohoto územia. Hierarchizácia závažnosti problémov. Kritika nereálnych predstáv rozvoja územia. Využitie zahraničného ka...
Uložené v:
| Hlavný autor: | |
|---|---|
| Médium: | Kapitola |
| Jazyk: | Czech |
| Predmet: | |
| Tagy: |
Žiadne tagy, Buďte prvý, kto otaguje tento záznam!
|
MARC
| LEADER | 00000naa a2200000 4500 | ||
|---|---|---|---|
| 001 | r011926 | ||
| 005 | 20220913122235.5 | ||
| 041 | 0 | |a cze | |
| 044 | |a CZ | ||
| 245 | 1 | 0 | |a Budoucnost Mílovic - mýty a souvislosti. |c M. Körner |
| 520 | |a V nadväznosti na súhrnné charakteristiky uvoľnených výcvikových priestorov sa uvádzajú najdôležitejšie faktá pre rozhodovanie o budúcom využití územia. Potenciály a limity rozvoja tohoto územia. Hierarchizácia závažnosti problémov. Kritika nereálnych predstáv rozvoja územia. Využitie zahraničného kapitálu. Kritické poznámky M. Hexnera a V. Havlíka. | ||
| 610 | 2 | 0 | |a vojenstvo |
| 610 | 2 | 0 | |a výcvik |
| 610 | 2 | 0 | |a Mílovice |
| 610 | 2 | 0 | |a Čechy |
| 610 | 2 | 0 | |a plánovanie územné |
| 610 | 2 | 0 | |a rozvoj regionálny |
| 610 | 2 | 0 | |a ochrana prostredia životného |
| 100 | 1 | |a Körner, M. | |